Gala 11 OT2025 - Estadísticas

Estadísticas generales
  • Esta prueba ha sido intentada 27 veces
  • La puntuación promedio es 5 de 8
Estadísticas de respuestas
Imagen Hint Respuesta % Correcto
Crespo Columbia
100%
Grupal Voy a pasármelo bien
88%
Cristina Punto de partida
84%
Olivia Where is my husband
84%
Guillo Rist Wonder
56%
Tinho El roce de tu piel
40%
Claudia Arenas Overjoyed
36%
Tinho I'm outta love
24%
No se encontraron pruebas coincidentes
Distribución de puntuación
Porcentaje de gente con cada puntuación
Porcentaje por número respondido
Historial de tus puntuaciones
No has intentado esta prueba.